000 00798nam a2200253 4500
003 OTs
005 20260530113920.0
008 260520b1969 |||aoe|| |||| 00| 0 spa d
040 _aICI
_bspa
_cICI
_erda
050 _aT1
_bI53 1969
245 _aIndustrialización
_bCuadernos Summa-Nueva visión 33
250 _aV. 33
264 _aBuenos Aires
_bILUM
_c1969
300 _a36 Páginas
336 _2rdacontent
_atexto
337 _2rdamedia
_asin medio
338 _2rdacarrier
_avolumen
650 _aDiseño industrial
_vPublicaciones periódicas
_934571
650 _aIndustrialización
_vRevistas
_934572
650 _aDiseño de productos
_vPublicaciones periódicas
_934573
700 _aMéndez Mosquera, Lala
_eed.
_934574
700 _aGrisetti, Jorge
_eed.
_934575
942 _2lcc
_n1
_cBK
999 _c12425
_d12425